MARC

LEADER 00000nam0a2200000 4500
001 324735
005 20231102003709.0
035 |a (RuTPU)RU\TPU\book\350346 
090 |a 324735 
100 |a 20161121d1981 k y0rusy50 ca 
101 0 |a rus 
102 |a RU 
105 |a y z 000zy 
200 1 |a Свобода воли и марксистский детерминизм  |f К. А. Новиков 
210 |a Москва  |c Политиздат  |d 1981 
215 |a 128 с. 
225 1 |a Над чем работают, о чем спорят философы 
606 1 |a Марксистско-ленинская философия  |2 stltpush  |3 (RuTPU)RU\TPU\subj\41052  |9 60871 
610 1 |a воля 
610 1 |a свобода 
610 1 |a детерминизм 
610 1 |a социальная философия 
686 |a Ю0  |v LBC/SL-A  |2 rubbk 
700 1 |a Новиков  |b К. А.  |g Константин Александрович 
801 1 |a RU  |b 63413507  |c 20161121 
801 2 |a RU  |b 63413507  |c 20210813  |g RCR 
942 |c BK